La fortuna de Os Lusiadas en España (1572-1672) (Record no. 262544)
[ view plain ]
| 000 -CABECERA | |
|---|---|
| Campo de control de longitud fija | 00521nam a22001577u 4500 |
| 008 - CÓDIGOS DE INFORMACIÓN DE LONGITUD FIJA | |
| Campo de control de longitud fija | 130405s1973 xxu||||| |||| 00| 0 spa d |
| 041 ## - CÓDIGO DE LENGUA | |
| Código de lengua del texto/banda sonora o título independiente | spa |
| 001 - NÚMERO DE CONTROL | |
| Campo de control | 33996 |
| 100 1# - PUNTO DE ACCESO PRINCIPAL-NOMBRE DE PERSONA | |
| Nombre de persona | Asensio, Eugenio |
| 9 (RLIN) | 7159 |
| 245 00 - MENCIÓN DE TÍTULO | |
| Título | La fortuna de Os Lusiadas en España (1572-1672) |
| Mención de responsabilidad, etc. | Eugenio Asensio |
| 260 ## - PUBLICACIÓN, DISTRIBUCIÓN, ETC... (PIE DE IMPRENTA) | |
| Lugar de publicación, distribución, etc. | Madrid: |
| Nombre del editor, distribuidor, etc. | Fundación Universitaria Española, |
| Fecha de publicación, distribución, etc. | 1973 |
| 300 ## - DESCRIPCIÓN FÍSICA | |
| Extensión | 29 p. |
| Dimensiones | ;21 cm. |
| 500 ## - NOTA GENERAL | |
| Nota general | Publicaciones de la Fundación Universitaria Española. Conferencias,v.16 |
| 650 04 - PUNTO DE ACCESO ADICIONAL DE MATERIA-TÉRMINO DE MATERIA | |
| Término de materia o nombre geográfico como elemento inicial | Literatura Portuguesa |
| 9 (RLIN) | 24308 |
| 942 ## - ENTRADA DE ELEMENTOS AGREGADOS (KOHA) | |
| Koha [por defecto] tipo de item | Libros |
| Suprimido | Perdido | Estropeado | No para préstamo | Localización permanente | Localización actual | Localización en estantería | Fecha adquisición | Préstamos totales | Signatura completa | Número de Registro / Código de Barras | Fecha última consulta | Fecha del precio de reemplazo | Tipo de item de Koha |
|---|---|---|---|---|---|---|---|---|---|---|---|---|---|
| San Esteban | San Esteban | Depósito de libros | 21/05/2013 | 8690 ASEN fort | 33996 | 21/05/2013 | 21/05/2013 | Libros |
